Statystyki dla 10 największych miast w azji

Kliknij tutaj aby rozwiązać quiz!

Ogólne statystyki

  • Ten quiz został rozwiązany 23 razy
  • Średni wynik to 6 z 10

Statystyki odpowiedzi

HintOdpowiedź% Poprawnych
14 800 000Kair
100%
7 300 000Johannesburg
76%
11 400 000Lagos
76%
3 700 000Kapsztad
62%
8 600 000Kinszasa
57%
4 500 000Aleksandria
52%
4 400 000Algier
52%
4 000 000Casablanca
48%
4 300 000Abidżan
24%
5 600 000Khartoum
10%

Rozkład punktacji

Percentyl według liczby udzielonych odpowiedzi

Procent ludzi z każdym wynikiem

Twoja historia wyników

Nie rozwiązałeś tego quizu